[Event "Cearense-ch 69th"]
[Site "Fortaleza"]
[Date "2000.09.24"]
[Round "2"]
[White "Quintino Montenegro, Jose"]
[Black "Amancio Silva, Edizio"]
[Result "1-0"]
[WhiteElo "1932"]
[BlackElo "1800"]
[PlyCount "75"]
[EventDate "2000.??.??"]
[EventType "swiss"]
[EventRounds "9"]
[EventCountry "BRA"]
[SourceTitle "EXT 2003"]
[Source "ChessBase"]
[SourceDate "2002.11.25"]
[SourceVersion "1"]
[SourceVersionDate "2002.11.25"]
[SourceQuality "1"]

1. d4 e6 2. Bf4 g5 3. Bg3 Bg7 4. e3 h5 5. h3 d6 6. Bd3 a6 7. Nd2 Nh6 8. c3 g4 9. Bf4 e5 10. Bxh6 Bxh6 11. hxg4 hxg4 12. Qe2 f5 13. dxe5 dxe5 14. 0-0-0 Bd7 15. f3 Qf6 16. fxg4 e4 17. Bc2 Nc6 18. gxf5 Bxf5 19. Bxe4 0-0-0 20. Rf1 Ne7 21. g4 Qb6 22. gxf5 Bxe3 23. Rxh8 Rxh8 24. Ngf3 Rd8 25. Kc2 Bh6 26. Qc4 Qf6 27. Qe6+ Qxe6 28. fxe6 Rd6 29. Re1 c6 30. Bd3 b5 31. Nb3 Kc7 32. Nbd4 Kd8 33. Ne5 Kc7 34. Nf7 Rd5 35. Nxh6 Rh5 36. Nhf5 Kd8 37. Nxe7 Kxe7 38. Nxc6+ 1-0